000 00552cam a22001932 4500
001 0000000481
005 20170406112635.0
008 131111s xx 000 0 eng d
020 _c$
040 _aYour Holding Symbol
_cYour Holding Symbol
100 1 _aKimble,Gregory A.
245 1 0 _aPRINCIPLES OF GENERAL PSYCHOLOGY /
_cGregory A.Kimble.
250 _a3rd ed.
260 _anew york :
_bThe press company,
_c1968.
300 _a756 p. :
_bill ;
_c cm.
504 _ainclude index.
650 0 _apsychology.
908 _a131111
999 _c410
_d410